Παράκτια ρύπανση από ξενοδοχειακές μονάδες : μελέτη περίπτωσης στο νησί της Ρόδου : διπλωματική εργασία [μεταπτυχιακή εργασία]

Αποθηκεύτηκε σε:
Λεπτομέρειες βιβλιογραφικής εγγραφής
Κύριος συγγραφέας: Θερμού, Νικολέττα-Ευαγγελία
Συγγραφή απο Οργανισμό/Αρχή: Πανεπιστήμιο Αιγαίου Σχολή Ανθρωπιστικών Επιστημών Τμήμα Επιστημών της Προσχολικής Αγωγής και του Εκπαιδευτικού Σχεδιασμού Πρόγραμμα Μεταπτυχιακών Σπουδών Περιβαλλοντική Εκπαίδευση
Άλλοι συγγραφείς: Καΐλα, Μαρία Α. (Εισηγητής διατριβής)
Μορφή: Thesis Βιβλίο
Γλώσσα:Greek
Δημοσίευση: 2014
Θέματα:
Διαθέσιμο Online:http://hdl.handle.net/11610/15801
Ετικέτες: Προσθήκη ετικέτας
Δεν υπάρχουν, Καταχωρήστε ετικέτα πρώτοι!

MARC

LEADER 00000cam a2200000 i 4500
001 1/57919
008 141013s2014 gre d
035 |l 10119435 
040 |a GR-MY-UA  |b gre  |e aacr 
041 0 |a gre 
082 0 |a 363.72  |2 (22) 
100 1 |a Θερμού, Νικολέττα-Ευαγγελία. 
245 1 0 |a Παράκτια ρύπανση από ξενοδοχειακές μονάδες :  |b μελέτη περίπτωσης στο νησί της Ρόδου : διπλωματική εργασία [μεταπτυχιακή εργασία] /  |c Θερμού Νικολέττα-Ευαγγελία ; επιβλέπουσα: Καϊλα Μαρία 
260 |c 2014 
300 |a 133 σ.;  |b πίν.;  |c 30 εκ. 
500 |a Μέλη εξεταστικής επιτροπής: Ξανθάκου Ποτίτσα, Παπαβασιλείου Βασίλης 
502 |a Διατριβή (μεταπτυχιακή) – Πανεπιστήμιο Αιγαίου, Ρόδος, 2014. 
504 |a Βιβλιογραφία: σ. 129-133 
650 0 0 |a Hotels  |x Environmental aspects. 
650 0 |a Marine pollution  |z Greece  |z Rhodes (Island) 
650 0 0 |a Hospitality industry  |x Environmental aspects. 
650 0 0 |a Hotels  |z Greece  |z Rhodes (Island) 
650 0 0 |a Best management practices (Pollution prevention) 
650 0 0 |a Dissertations, Academic  |z Greece. 
700 1 |4 ths  |a Καΐλα, Μαρία Α. 
710 2 |a Πανεπιστήμιο Αιγαίου  |b Σχολή Ανθρωπιστικών Επιστημών  |b Τμήμα Επιστημών της Προσχολικής Αγωγής και του Εκπαιδευτικού Σχεδιασμού  |b Πρόγραμμα Μεταπτυχιακών Σπουδών Περιβαλλοντική Εκπαίδευση. 
852 |a INST  |b RHODES  |c DIATR  |e 20141013  |h 363.72 ΘΕΡ  |p 005400037044  |q 005400037044  |t MTXE  |y 23 
852 |a INST  |b RHODES  |c DIATR  |e 20141013  |h 363.72 ΘΕΡ  |p 005400037045  |q 005400037045  |t MTXE  |y 23 
856 |u http://hdl.handle.net/11610/15801 
901 |a BIBL4-2014-3 
909 |a Ρ  |b 183369 
909 |a Ρ  |b 183370 
924 |a ΘΕΡΜΟΥ  |b ΝΙΚΟΛΕΤΤΑ-ΕΥΑΓΓΕΛΙΑ  |y ΡΟΔΟΣ  |z 2014-04 
970 |z 2014/10/13